000 00701nam a2200205 u 4500
005 20240228064031.0
008 111021s2001 r 000 0 eng d
020 _a8426343600
035 _aUPN01000182304
049 _aI
050 4 _aPZ34.9
_bW6.2
100 1 _aWolf, Klaus-Peter,
_d1954-
_930984
245 1 0 _aAntonio Juan y el Invisible en la tarta /
_cKlaus-Peter Wolf ; il. Amelie Glienke ; tr. Margaret Faber.
260 _aZaragoza, Esp. :
_bEdelvives,
_cc2001.
300 _a67 p. :
_bil. col.
534 _pTìtulo original:
_tJens-Peter und der Unsichtbare in der torte
650 0 _aLiteratura infantil alemana
_99171
650 4 _aLibros y lectura para niños
_92290
905 _aLibro
999 _c154407
_d154407